Music Quiz

Random Music or Bands Quiz

Name the Bands By Their Antonyms Quiz Stats

 Plays Quiz not verified by Sporcle

Challenge
Share
Tweet
Embed
Score 0/15 Timer 04:00
0 Plays Today
Antonym Band % Correct
Front Street GirlsBackstreet Boys
93.1%
KingQueen
87.3%
Not in SyncNSYNC
83.3%
Red NightGreen Day
75.5%
Nightmare boysDream Girls
67.6%
Copper FrontNickel Back
67.6%
The Life SaversThe Killers
63.7%
Art Class CowardsGym Class Heroes
56.9%
Antonym Band % Correct
A Lifetime to Pluto30 seconds to Mars
49%
CitizenForeigner
40.2%
New York Boston
36.3%
The Crowded PeninsulaThe Lonely Island
36.3%
The Not So Tenacious OffenseTenacious D
36.3%
To MeU2
17.6%
Zombie-less districtZombie Nation
3.9%

You're not logged in!

Compare scores with friends on all Sporcle quizzes.
OR
Log In

You Might Also Like...

Show Comments

Extras

Created Feb 3, 2011ReportNominate
Tags:Bands Quiz, antonym, loosely

Top Quizzes Today


Score Distribution

Your Account Isn't Verified!

In order to create a playlist on Sporcle, you need to verify the email address you used during registration. Go to your Sporcle Settings to finish the process.

Report this User

Report this user for behavior that violates our Community Guidelines.

Details: